000 00639nam a2200217 i 4500
001 bg
100 1 _aGórski, Eugeniusz
_d(1924- ).
245 1 0 _aObróbka skrawaniem /
_cEugeniusz Górski.
260 _aWarszawa :
_bWydawnictwa Szkolne i Pedagogiczne,
_c1972.
300 _a631, [1] s., [3] k.tabl.luz. :
_brys., wykr. ;
_c24 cm.
504 _aBibliogr. s. 631-[632].
650 9 _aSkrawanie
_xnarzędzia i maszyny
_xtechnologia
655 _aPodręczniki
020 _a8302015288
040 _cBPK
041 0 _apl
080 _a621.9(07)
920 _a83-02-01528-8
942 _cKS
008 s pl f |000 0 pol
999 _c25206
_d25206
856 _uhttp://koha.tu.koszalin.pl/cgi-bin/koha/opac-detail.pl?biblionumber=25206
_yKatalog online BPK